NBA Players by Picture - Mexico - Statistics

General Stats
  • This quiz has been taken 14 times
  • The average score is 2 of 7
Answer Stats
Picture Answer % Correct
Jaime Jaquez Jr.
92%
Juan Toscano-Anderson
38%
Eduardo Najera
23%
Gustavo Ayon
23%
Horacio Llamas
0%
Jorge Gutierrez
0%
Lance Allred
0%
No matching quizzes found
Score Distribution
Percent of People with Each Score
Percentile by Number Answered
Your Score History
You have not taken this quiz